Дело о привилегии инженер-майору Вешнякову на изобретенную им машину под названием "андрофора или конный восход"

RUSMARC
00005961cbc2a2200000#x 450
0014d6df2eb-15d4-4e6f-8ed3-37c915651ab1
00520210726144532.0
100##$a20131018l18351836k y0rusy0189 ca
1010#$arus
102##$aRU
251##$cДело
2250#$aФонд Департамент государственной экономии Государственного совета
$hОпись № 2
$i1836 год
324##$aПленка
801#0$aRU
$bРГИА
$c20131018
801#1$aRU
$bГлавНИВЦ
$c20131018
$2rusmarc
801#2$aRU
$bПБ им. Б.Н. Ельцина
$c20131030
$gRCR
$2rusmarc
850##$aФедеральное казенное учреждение "Российский государственный исторический архив" (РГИА)
852##$aРГИА
$j1
937##$aASBIBLIO_SCAN
$bРГИА_1152:_2:1836_1:
$d6025654
$hРГИА
2001#$aДело о привилегии инженер-майору Вешнякову на изобретенную им машину под названием "андрофора или конный восход"
$j27 декабря 1835 года - 7 января 1836 года
215##$a15 листов
035##$a4d6df2eb-15d4-4e6f-8ed3-37c915651ab1
1222#$ad18351227##
$ad18360107##
300##$aРукописный текст. Чернила
300##$aОригинальный заголовок дела: О выдаче привилегии отставному инженер-майору Вешнякову на изобретенную им машину под названием андрофора или конного восхода
5171#$aО выдаче привилегии отставному инженер-майору Вешнякову на изобретенную им машину под названием андрофора или конного восхода
461#0$10010d5be7de-e8a8-41f9-ad39-4638185d5a90
$12001
$aДепартамент государственной экономии Государственного совета
$1251
$cФонд
$1852
$j1152
462#0$1001d4fc7d8a-c747-493d-bc71-2d1e60bcaedd
$12001
$a1830-1839
$vД. 1
$1251
$cОпись
$1852
$j2
686##$a34.412,025г.ю11
$2rubbk
$vLBC/M
686##$a63.3(2)521-33ю11
$2rubbk
$vLBC/M
60101$2nlr_sh
$3RU\NLR\AUTH\6601644949
$aРоссия
$bДепартамент государственной экономии
$jДокументы и материалы
6061#$2nlr_sh
$3RU\NLR\AUTH\6601682045
$aИзобретения
$xПатентование
$yРоссия
$jДокументы и материалы
6061#$aМеханизмы
$xПроектирование
$jДокументы и материалы
$2nlr_sh
$3RU\NLR\AUTH\66684317
605##$2acquisition_Prlib
$3DITM\AF\0000002775
$aВласть
$lколлекция
605##$2acquisition_Prlib
$3DITM\AF\0000003834
$aНарод
$lколлекция
605##$2acquisition_Prlib
$3LIBNET\UAF\0000095744
$aРоссийское изобретательство: страницы истории
$lколлекция
Формат отображения